| 000 | 01085nam a2200253Ia 4500 | ||
|---|---|---|---|
| 003 | GCL | ||
| 008 | 140319s9999 xx 000 0 ara d | ||
| 040 |
_aGCL / _cGCL |
||
| 082 | 0 | 4 |
_a814.008 _bم م |
| 100 | 1 | _aجابر عصفور | |
| 245 | 1 | 0 |
_aمقالات محمد حسين هيكل : _bج1 : فى الادب العربى - ج2 : فى الادب والفن - ج3 : فى السياسة والديمقراطية - ج4 : فى الاصلاح الاجتماعى والثقافى / _cجابر عصفور |
| 700 | 1 | _aمحمد حسين هيكل | |
| 700 | 1 | _aاحمد محمد حسين هيكل | |
| 250 | _aالاولى | ||
| 260 |
_aالقاهرة : _bالمجلس الاعلى للثقافة ، _c2002 |
||
| 300 |
_aمتعدد ؛ _c25 سم |
||
| 650 | 0 | 4 | _aالمقالات العربية |
| 650 | 0 | 4 | _aالفن المصرى القديم |
| 650 | 0 | 4 | _aالسياسة - مقالات و محاضرات |
| 650 | 0 | 4 | _aمصر - الاحوال السياسية |
| 650 | 0 | 4 | _aالديمقراطية - مصر |
| 650 | 0 | 4 | _aالاصلاح الثقافى - مصر |
| 942 |
_2ddc _cBK |
||
| 999 |
_c9141 _d9141 |
||